04249nam a2200385 4500003000400000005001700004008004100021020002200062040001800084041002300102082002500125100002100150245025400171264003100425300005400456336002700510337002700537338002800564505204800592520089602640534002303536650002303559650001603582650001603598700002503614700001703639700002103656700002503677700002703702700002103729700002103750700002003771700002903791700004303820OSt20260213142528.0260203s 2012mx adk||r|||| 00| 0 spa d a978-607-32-0995-3 aCHAPcPAerda aspabspafspahspa00aPA 578.87b.B43 20121 aBecker, Wayne M. aBiología celular y molecular /cWayne M. Becker, Lewis J. Kleinsmith, Jeff Hardin, William S. Klug, Michael R. Cummings, Charlotte A. Spencer, Teresa Audesirk, Gerald Audesirk, Bruce E. Byers, Jaime González Poggio, Alberto García González,  aMéxico :bPearson,c2012 axxxi, 981 páginas :bilustraciones, gráficas; 2rdacontentatextobtxt 2rdamediaasin mediobn 2rdacarrieravolumenbnc aAcerca de los autores.-- Prólogo.-- Agradecimientos. Carta del Rector.-- Capítulo 1 Principios y técnicas de microscopía.-- Capítulo 2 Una visión de la célula.-- Capítulo 3 Células y orgánulos.-- Capítulo 4 La química de la célula.-- Capítulo 5 Las macromoléculas de la célula.-- Capítulo 6 Bionergética: El flujo de energía en la célula.-- Capítulo 7 Enzimas: los catalizadores de la vida.-- Capítulo 8 Membranas: estructura, química y función.-- Capítulo 9 Transporte a través de membrana: saltando la barrera de permeabilidad.-- Capítulo 10 Metabolismo de la energía quimiotrófica: glucólisis, fermentación.-- Capítulo 11 Metabolismo quimiótrofo de la energía: respiración aerobia.-- Capítulo 12. Base estructural de la información celular: DNA, cromosomas y el núcleo.-- Capítulo 13 Expresión génica: I. El código genético y la transcripción.-- Capítulo 14. Expresión génica: II. Síntesis y clasificación de proteínas.-- Capítulo 15. Comportamiento intracelulares: retículo endoplásmico, complejo de golgi, endosomas, lisosomas y peroxisomas.-- Capítulo 16 La regulación de la expresión génica.-- Capítulo 17 El citoesqueleto.-- Capítulo 18 Movimiento celular: motilidad y contractilidad.-- Capítulo 19 Más allá de la célula: estructuras extracelulares, adhesión y uniones celulares.-- Capítulo 20 Mecanismos de transducción de señaI: I. Señales eléctricas en células nerviosas.-- Capítulo 21 Mecanismos de transducción de señales:II. Mensajeros y receptores. Capítulo 22 Ciclo celular, replicación del DNA y mitosis.--Capítulo 23 Reproducción sexual, neiosis y recombinación genética.-- Capítulo 24 Bases celulares y moleculares de genética humana.-- Capítulo del DNA recombinante. Capítulo 26 Genómica y proteómica.-- Capítulo 27 Defensa contra la enfermedad.-- Capítulo 28 Bases celulares y moleculares del envejecimiento.-- Capítulo 29 Células cancerosas.  aEl presente libro actualiza nuevos temas como: Bases celulares y moleculares en genética humana, Bases celulares y moleculares en envejecimiento y Conceptos básicos en inmunología. Los conceptos y contenidos permiten al estudiante y al médico profesional adquirir los conocimientos básicos de la célula, su estructura y funciones, los cuales explican los procesos normales y anormales del cuerpo humano. Este material permite relacionarlos con las disciplinas de química, bioquímica, histología, anatomía, fisiología y microbiología. El orden de los contenidos generales llevan a la comprensión de la célula, siendo esto: biomoléculas que la componen, clasificación de las células, métodos utilizados en la biología celular y molecular, estructuras y organelos, tipos de división celular, conceptos básicos de genética, envejecimiento y cáncer. pTítulo original: 0aBiología celular 7aCitología 7aBiofísica1 aKleinsmith, Lewis J.1 aHardin, Jeff0 aKlug, William S.1 aCummings, Michael R.1 a Spencer, Charlotte A.0 aAudesirk, Teresa0 aAudesirk, Gerald0 aByers, Bruce E. aGonzález Poggio, Jaime0 aGonzález Benavente-García, Alberto